000 00581cam a22002171 4500
001 sa 65010252
003 DLC
005 20260227112207.0
008 740626s1965 ii a 000 0 eng
010 _asa 65010252
035 _a(OCoLC)930575
040 _aDLC
_cOTU
_dOCoLC
_dDLC
042 _apremarc
050 0 0 _aDS451
_b.M2
100 1 _aMahajan, Vidya Dhar.
245 1 0 _aEarly history of India.
260 _aDelhi,
_bS. Chand,
_c1965.
300 _axi, 422 p.
_billus.
_c22 cm.
651 0 _aIndia
_xHistory
_yTo 324 B.C.
651 0 _aIndia
_xHistory
_y324 B.C.-1000 A.D.
999 _c66652
_d66652